Digital Forensics and Cyber Crime : Fifth International Conference, ICDF2C 2013, Moscow, Russia, September 26–27, 2013 : Revised Selected Papers /
Selección de ponencias presentadas en la quinta Conferencia Internacional ICST sobre Análisis Forense Digital y Delitos Cibernéticos, celebrada en Moscú, Rusia, en septiembre de 2013. Los trabajos desarrollan temas relacionados con la seguridad informática, entre los que destacan el análisis forense...
Furkejuvvon:
| Searvvušdahkki: | |
|---|---|
| Eará dahkkit: | , , |
| Materiálatiipa: | Konfereansapublikašuvdna Girji |
| Giella: | eaŋgalasgiella |
| Almmustuhtton: |
Cham, Suiza :
Springer,
2014, c2014
|
| Ráidu: | (Lecture Notes of the Institute for Computer Sciences, Social Informatics and Telecommunications Engineering ;
132) |
| Fáttát: | |
| Liŋkkat: | Ver documento en línea |
| Fáddágilkorat: |
Eai fáddágilkorat, Lasit vuosttaš fáddágilkora!
|
MARC
| LEADER | 00000nam^a2200000^a^4500 | ||
|---|---|---|---|
| 001 | 000554912 | ||
| 005 | 20251023000000.0 | ||
| 009 | 20260310131707.176 | ||
| 020 | |a 978-3-319-14289-0 | ||
| 037 | |a Acervo ITESO - Biblioteca | ||
| 041 | |a ING | ||
| 082 | |a Libro en línea | ||
| 111 | |a International ICST Conference on Digital Forensics and Cyber Crime ( |n 5a : |d 2013 : |c Moscú, Rusia) | ||
| 245 | 1 | 0 | |a Digital Forensics and Cyber Crime : |b Fifth International Conference, ICDF2C 2013, Moscow, Russia, September 26–27, 2013 : Revised Selected Papers / |c Ed. de P. Gladyshev, A. Marrington, I. Baggili. |
| 264 | 4 | |a Cham, Suiza : |b Springer, |c 2014, c2014 | |
| 264 | 2 | |a Cham, Suiza : |b Springer Link [distribución], |c 2014, c2014 | |
| 300 | |a 1 libro electrónico en línea (XVI, 253 p.) | ||
| 300 | |a 1 recurso en línea | ||
| 336 | |a datos para computadora |b cod |2 rdacontenido | ||
| 337 | |a computadora |b c |2 rdamedio | ||
| 338 | |a recurso en línea |b cr |2 rdasoporte | ||
| 440 | 1 | |a (Lecture Notes of the Institute for Computer Sciences, Social Informatics and Telecommunications Engineering ; |v 132) | |
| 506 | 0 | |a Licencias ilimitadas | |
| 520 | |a Selección de ponencias presentadas en la quinta Conferencia Internacional ICST sobre Análisis Forense Digital y Delitos Cibernéticos, celebrada en Moscú, Rusia, en septiembre de 2013. Los trabajos desarrollan temas relacionados con la seguridad informática, entre los que destacan el análisis forense digital: estándares, certificación y acreditación; guerra de la información, terrorismo cibernético y protección de infraestructura crítica; automatización en análisis forense digital; así como el análisis forense digital y la nube. | ||
| 649 | |a XX | ||
| 650 | |a Hackers y Crackers | ||
| 650 | |a Protección de Datos | ||
| 650 | |a Auditoría Informática | ||
| 650 | |a Redes de Computadoras - |x Seguridad - |x Control | ||
| 650 | |a Firewalls | ||
| 650 | |a Bases de Datos - |x Seguridad | ||
| 650 | |a Servidores (Computadoras) - |x Seguridad | ||
| 650 | |a Computadoras - |x Seguridad - |x Control | ||
| 650 | |a Internet - |x Seguridad - |x Control | ||
| 650 | |a Redes de Computadoras - |x Seguridad - |x Control | ||
| 650 | |a Delitos Informáticos | ||
| 650 | |a Seguridad Informática - |x Aspectos Jurídicos - |x Tema Principal | ||
| 650 | |a Seguridad Informática - |x Congresos - |x Tema Principal | ||
| 650 | |a Seguridad Informática - |x Tema Principal | ||
| 650 | |a Ingeniería Computacional | ||
| 700 | |a Gladyshev, Pavel |e (edición) | ||
| 700 | |a Marrington, Andrew |e (edición) | ||
| 700 | |a Baggili, Ibrahim |e (edición) | ||
| 856 | 4 | 0 | |u https://link-springer-com.ezproxy.iteso.mx/10.1007/978-3-319-14289-0 |y Ver documento en línea |
| 910 | |a Fondo General | ||
| 920 | |a Electrónicos - Libros en Línea | ||
| 930 | |a Plataforma Digital | ||
| 905 | |a 205 | ||
| 901 | |a 554912-1 |b IT2 |c EBO |i C |u 20250521 | ||
| 902 | |a https://opac.biblio.iteso.mx/vufind/Record/000554912 | ||